|
|
|
|
| LEADER |
00000nab a2200000 ar4500 |
| 001 |
vtls009156363 |
| 003 |
SK-MaSNL |
| 005 |
20260303064348.0 |
| 008 |
071106c1976 xo |r|p|||||||000 b|slo |
| 015 |
|
|
|a SNBRB2007/11
|2 snkbucl
|
| 038 |
|
|
|a SNKBUCL
|
| 040 |
|
|
|a SNKBUCL
|b slo
|c SNKBUCL
|e AACR2
|
| 041 |
|
|
|a slo
|
| 044 |
|
|
|a xo
|c SK
|
| 080 |
|
|
|a 792.071.2:792.8
|2 1997
|
| 100 |
1 |
|
|a Pastorová, Alica,
|d 1928-2006
|4 aut
|9 13411
|
| 245 |
1 |
0 |
|a Je ťažké rozhodnúť sa pre jedinú lásku
|c Alica Pastorová
|
| 600 |
1 |
7 |
|a Slovák, Boris,
|d 1926-1994
|2 snkbucl
|9 57697
|
| 773 |
0 |
|
|t Nové slovo
|g Roč. 18, č. 39 (1976), s. 13
|
| 852 |
|
|
|a SNK
|b KIS3GCP
|
| 958 |
|
|
|a BX
|
| 999 |
|
|
|c 1746821
|d 1748751
|